000
00214nam a2200085Ia 4500
008
120527s9999 xx 000 0 und d
100
_a
JACQUELINE, D.A.H
245
_a
Plant virology in sub-saharan Africa
942
_c
BK
999
_c
25235
_d
25235